[Event "Perm op 04"]
[Site "Perm"]
[Date "2010.04.28"]
[Round "7"]
[White "Zhulanov, Viktor"]
[Black "Syrchikov, Alexander"]
[Result "0-1"]
[WhiteElo "2238"]
[BlackElo "2250"]
[PlyCount "55"]
[EventDate "2010.04.22"]
[EventType "swiss"]
[EventRounds "9"]
[EventCountry "RUS"]
[SourceTitle "EXT 2012"]
[Source "ChessBase"]
[SourceDate "2011.11.24"]
[SourceVersion "1"]
[SourceVersionDate "2011.11.24"]
[SourceQuality "1"]

1. d4 Nf6 2. Nf3 e6 3. Bg5 c5 4. e3 Qb6 5. Qc1 Nc6 6. c3 d5 7. Bd3 Bd7 8. Nbd2 Rc8 9. dxc5 Bxc5 10. Nb3 Be7 11. 0-0 0-0 12. Qd1 e5 13. Be2 Be6 14. Re1 Rfd8 15. h3 a5 16. a4 h6 17. Bxf6 Bxf6 18. Bb5 Na7 19. Qc2 Nxb5 20. axb5 Ra8 21. Nbd2 Qxb5 22. e4 d4 23. cxd4 exd4 24. e5 Be7 25. Qe4 Qd5 26. Qf4 Bb4 27. Ne4 Bxe1 28. Rxe1 0-1

[Event "Perm op 04"]
[Site "Perm"]
[Date "2010.04.27"]
[Round "6"]
[White "Podvalnikov, Boris"]
[Black "Zhulanov, Viktor"]
[Result "1/2-1/2"]
[WhiteElo "2140"]
[BlackElo "2238"]
[PlyCount "25"]
[EventDate "2010.04.22"]
[EventType "swiss"]
[EventRounds "9"]
[EventCountry "RUS"]
[SourceTitle "EXT 2012"]
[Source "ChessBase"]
[SourceDate "2011.11.24"]
[SourceVersion "1"]
[SourceVersionDate "2011.11.24"]
[SourceQuality "1"]

1. d4 Nf6 2. c4 c5 3. d5 e5 4. Nc3 d6 5. e4 Be7 6. h3 Nbd7 7. Be3 Nf8 8. a3 Ng6 9. b4 b6 10. Bd3 0-0 11. Rb1 Bd7 12. Nf3 Nh5 13. g3 1/2-1/2

[Event "Perm op-A 03"]
[Site "Perm"]
[Date "2009.03.15"]
[Round "5"]
[White "Ivanov, Rostislav"]
[Black "Zhulanov, Viktor"]
[Result "1-0"]
[WhiteElo "2185"]
[BlackElo "2033"]
[PlyCount "23"]
[EventDate "2009.03.11"]
[EventType "swiss"]
[EventRounds "9"]
[EventCountry "RUS"]
[SourceTitle "EXT 2022"]
[Source "ChessBase"]
[SourceDate "2021.10.06"]
[SourceVersion "1"]
[SourceVersionDate "2021.10.06"]
[SourceQuality "1"]

1. e4 c5 2. Nf3 g6 3. d4 Bg7 4. Nc3 cxd4 5. Nxd4 Nc6 6. Be3 Nf6 7. f3 0-0 8. Qd2 d5 9. Nxc6 bxc6 10. 0-0-0 Be6 11. exd5 Nxd5 12. Bd4 1-0

[Event "RUS-ch Seniors"]
[Site "Odintsovo"]
[Date "2008.10.08"]
[Round "6"]
[White "Sobol, Alexander"]
[Black "Zhulanov, Viktor"]
[Result "1-0"]
[WhiteElo "2162"]
[BlackElo "2296"]
[PlyCount "53"]
[EventDate "2008.10.02"]
[EventType "swiss"]
[EventRounds "9"]
[EventCountry "RUS"]
[SourceTitle "CBM 127 Extra"]
[Source "ChessBase"]
[SourceDate "2009.01.08"]
[SourceVersion "2"]
[SourceVersionDate "2009.01.28"]
[SourceQuality "1"]

1. e4 c5 2. Nc3 e6 3. Nf3 a6 4. a4 Nc6 5. d4 cxd4 6. Nxd4 Qc7 7. Be2 Nf6 8. 0-0 Bb4 9. Nxc6 bxc6 10. Bd3 d5 11. exd5 cxd5 12. Ne2 0-0 13. c3 Bd6 14. h3 e5 15. a5 Bb7 16. Bb1 Ne4 17. Be3 Bc5 18. Qd3 g6 19. f4 f6 20. Ba2 Kg7 21. b4 Bxe3+ 22. Qxe3 Rac8 23. Rac1 Rfe8 24. fxe5 fxe5 25. Bb1 Nd6 26. Ng3 Qe7 27. Bd3 1-0

[Event "Perm op 07-B"]
[Site "Perm"]
[Date "2007.07.04"]
[Round "7"]
[White "Zhulanov, Viktor"]
[Black "Syrokhvatov, Leonid V"]
[Result "0-1"]
[WhiteElo "1878"]
[BlackElo "2003"]
[PlyCount "66"]
[EventDate "2007.06.27"]
[EventType "swiss"]
[EventRounds "8"]
[EventCountry "RUS"]
[SourceTitle "EXT 2022"]
[Source "ChessBase"]
[SourceDate "2021.10.06"]
[SourceVersion "1"]
[SourceVersionDate "2021.10.06"]
[SourceQuality "1"]

1. Nf3 Nf6 2. b3 d6 3. e3 g6 4. Bb2 Bg7 5. d4 0-0 6. Nbd2 Nbd7 7. c4 Re8 8. Qc2 e5 9. dxe5 dxe5 10. Rd1 c6 11. Be2 Qc7 12. 0-0 c5 13. Ng5 h6 14. Nge4 Nh7 15. Nb1 Bf8 16. Nbc3 a6 17. Nd5 Qb8 18. f4 f5 19. Ng3 Bg7 20. e4 exf4 21. Nxf4 Bxb2 22. Qxb2 Qe5 23. Qc2 Ndf8 24. Rd5 Qe7 25. exf5 Nf6 26. Rdd1 g5 27. Nd5 Qe5 28. Bh5 Nxh5 29. Nxh5 Kf7 30. Rfe1 Qxe1+ 31. Rxe1 Rxe1+ 32. Kf2 Re5 33. f6 Bg4 0-1

[Event "PriFR-ch Seniors"]
[Site "Perm"]
[Date "2007.03.09"]
[Round "9"]
[White "Zhulanov, Viktor"]
[Black "Orekhov, Viktor"]
[Result "1-0"]
[WhiteElo "2299"]
[BlackElo "2285"]
[PlyCount "95"]
[EventDate "2007.03.01"]
[EventType "swiss"]
[EventRounds "9"]
[EventCountry "RUS"]
[SourceTitle "EXT 2022"]
[Source "ChessBase"]
[SourceDate "2021.10.06"]
[SourceVersion "1"]
[SourceVersionDate "2021.10.06"]
[SourceQuality "1"]

1. d4 Nf6 2. Nf3 d5 3. c4 e6 4. Nc3 c6 5. e3 Bd6 6. Bd3 0-0 7. 0-0 Nbd7 8. e4 dxc4 9. Bxc4 e5 10. Bg5 Qe7 11. Re1 Rd8 12. d5 Nb6 13. Bb3 Bg4 14. h3 Bh5 15. g4 Bg6 16. Nh4 Bb4 17. Qf3 Nbd7 18. Rad1 Rac8 19. dxc6 bxc6 20. Rd3 Nc5 21. Rxd8+ Rxd8 22. Bxf6 Qxf6 23. Qxf6 gxf6 24. f3 Rd2 25. Rc1 Nd3 26. Rc2 Rxc2 27. Bxc2 Nxb2 28. Na4 Nc4 29. Ng2 Kg7 30. Kf2 Kh6 31. h4 Kg7 32. h5 Bxh5 33. gxh5 Kh6 34. Ne3 Nxe3 35. Kxe3 Kxh5 36. Bb3 Kg6 37. f4 h5 38. f5+ Kg5 39. Kf3 h4 40. Nb2 Bd2 41. Nd3 Bf4 42. Nf2 Bg3 43. Nh3+ Kh6 44. Bxf7 Kg7 45. Be8 c5 46. Bb5 a5 47. a4 Kh6 48. Kg4 1-0

[Event "PriFR-ch Seniors"]
[Site "Perm"]
[Date "2007.03.08"]
[Round "8"]
[White "Nekrasov, Evgeny G"]
[Black "Zhulanov, Viktor"]
[Result "0-1"]
[WhiteElo "2269"]
[BlackElo "2299"]
[PlyCount "96"]
[EventDate "2007.03.01"]
[EventType "swiss"]
[EventRounds "9"]
[EventCountry "RUS"]
[SourceTitle "EXT 2022"]
[Source "ChessBase"]
[SourceDate "2021.10.06"]
[SourceVersion "1"]
[SourceVersionDate "2021.10.06"]
[SourceQuality "1"]

1. c4 Nf6 2. Nf3 e6 3. Nc3 c5 4. g3 b6 5. Bg2 Bb7 6. 0-0 Be7 7. d3 0-0 8. e4 d6 9. Ne1 Nc6 10. f4 Qc7 11. Nc2 a6 12. b3 Nd7 13. Rb1 Bf6 14. Ne2 b5 15. g4 b4 16. g5 Be7 17. Rf3 f6 18. h4 a5 19. Rg3 a4 20. Ne3 axb3 21. axb3 Nd4 22. Nxd4 cxd4 23. Nc2 Qb6 24. Qe1 Rfe8 25. Bh3 Nf8 26. h5 fxg5 27. fxg5 d5 28. exd5 Bd6 29. Rg2 exd5 30. Re2 Rxe2 31. Qxe2 dxc4 32. bxc4 Bc5 33. Ne1 Qd6 34. Qf2 Ne6 35. Qh2 Qxh2+ 36. Kxh2 Ra2+ 37. Kg3 Bd6+ 38. Kh4 Kf7 39. Bb2 Be5 40. Bxe6+ Kxe6 41. Nc2 Bf3 42. Nxb4 Ra7 43. Rf1 Rf7 44. Nc2 Rf4+ 45. Kg3 Rf5+ 46. Kh4 Rf4+ 47. Kh3 Bg4+ 48. Kg2 Bh3+ 0-1